Návrh riešenia automatizovaného OFFGRID skleníka na pestovanie rastlín

Salvato in:
Dettagli Bibliografici
Autore principale: Hanus, Andrej (Autore)
Altri autori: Halenár, Igor (Relatore della tesi)
Natura: Manoscritto Libro
Lingua:slovacco
Pubblicazione: 2022
Soggetti:
Accesso online:http://is.stuba.sk/zp/portal_zp.pl?podrobnosti=164142
Tags: Aggiungi Tag
Nessun Tag, puoi essere il primo ad aggiungerne!!

MARC

LEADER 00000ntm a22000003a 4500
001 stuzp88590
003 SK-STU
005 20220611211318.6
007 ta
008 150427s2015----xo-----f-mn---000-0-slo-d
040 |a STU  |b slo 
041 0 |a slo 
100 1 |a Hanus, Andrej  |u 066000  |k Z4  |4 aut  |U MTF Materiálovotechnologická fakulta  |T MTF Ústav aplikovanej informatiky, automatizácie a mechatroniky  |X 91507  |U M6000  |Y 86  |7 91507 
242 0 1 |a OFFGRID plant greenhouse  |y eng 
245 1 0 |a Návrh riešenia automatizovaného OFFGRID skleníka na pestovanie rastlín 
260 |c 2022 
650 4 |a skleník  |2 slo 
650 4 |a MIT app inventor  |2 slo 
650 4 |a ESP32  |2 slo 
650 4 |a riadiaci program  |2 slo 
650 4 |a Visual Studio Code  |2 slo 
650 4 |a OFFGRID  |2 slo 
650 4 |a ESP32  |2 eng 
650 4 |a control program  |2 eng 
650 4 |a Visual Studio Code  |2 eng 
650 4 |a OFFGRID  |2 eng 
650 4 |a greenhouse  |2 eng 
650 4 |a MIT app inventor  |2 eng 
700 1 |a Halenár, Igor  |u 066000  |k Z1  |4 ths  |U MTF Materiálovotechnologická fakulta  |T MTF Ústav aplikovanej informatiky, automatizácie a mechatroniky  |X 2860  |U M6000  |Y 86  |7 A000002860 
856 4 |u http://is.stuba.sk/zp/portal_zp.pl?podrobnosti=164142 
996 |c M* DP-14888  |l MMSKP  |s P  |a 0  |w stuzp88590_0001